000 00910nam a2200241Ii 4500
003 JO-AjNU
008 230605s9999||||xx |||||||||||||| ||und||
017 _a2005/9537
020 _a977-337-195-6
040 _aJO-AjNU
_bara
_erda
_cJO-AjNU
041 _aara
050 1 4 _aHD58.6.2007
100 3 _aخبراء مركز الخبرات المهنية للادارة بميك؛ مستشار علمي عبدالرحمن توفيق,
_eauthor
_944123
245 0 0 _aالصفقات الناجحةعبر الهاتف=Telephone Contracting
250 _aط2
264 3 1 _aالقاهرة:مركز الخبرات المهنية للادارة بميك،2007
300 _a82ص
336 _atext
_btxt
_2rdacontent
337 _aunmediated
_bn
_2rdamedia
338 _avolume
_bnc
_2rdacarrier
490 0 _aالمناهج التدريبية67
650 4 _aالاتصالات-التسويق والبيع
_944124
999 _aA19025
_c22593
_d22593